5SOS Lyrics - Statistics

General Stats
  • This quiz has been taken 305 times
  • The average score is 5 of 15
Answer Stats
Hint Answer % Correct
how did we end up talking.. in the first place
89%
michael wants another slice.. michael wants another slice
69%
She's a good girl.. she's daddys favourite
62%
i drove by all the places.. we used to hang out getting wasted
54%
tell me where you're hiding you're voodoo doll.. cause i cant control myself
41%
she's always screaming when she's calling her friend.. shes kinda hot though
40%
i made a mixtape straight out of '94.. I've got your ripped skinny jeans lying on the floor
34%
hold you tight straight through the daylight.. I'm right here when you gonna realise
29%
ill pick you up when you fall to pieces.. let me be the one to save you
24%
felt somebody looking at me.. with a powder white complexion
24%
she told me to meet her there.. i cant afford the bus fare
18%
and if the skyscrapers tumble down and crash around baby.. we just gotta get out we just gotta get out
11%
so save me from who I'm supposed to be.. dont wanna be a victim of authority ill always be a part of the minority
5%
i wanna get lost and drive forever.. we can talk about nothing yeah whatever
5%
back in high school we used to take it slow.. red lipstick on and high heel stiletoes
2%
No matching quizzes found
Score Distribution
Percent of People with Each Score
Percentile by Number Answered
Your Score History
You have not taken this quiz